000 01004nam a2200241 a 4500
003 BD-DhJNU
005 20260121061746.0
008 251108s2023 bg |||g |||| 000 1|ben|d
020 _a9789847762050
040 _aBD-DhJNU
_bben
_cBD-DhJNU
_dBD-DhJNU
041 _aben
082 _a954.92 PAM
_223
100 _aপারভেজ, আলতাফ
245 1 0 _aমুজিব বাহিনী থেকে গণবাহিনী :
_bইতিহাসের পুনর্পাঠ /
_cআলতাফ পারভেজ
246 _aMujib bahini theke gono bahini: itihaser punorpath
250 _a1st ed.
260 _aঢাকা :
_bঐতিহ্য,
_c2023.
300 _a৬০০ পৃ. :
_bচিত্র ;
_c২২ সেমি.।
504 _aগ্রন্থপঞ্জিগত নির্দেশিকা ও নিঘন্ট অন্তভূক্ত
650 _aমুক্তিযুদ্ধ
650 _aরাজনীতি
942 _cBK
999 _c2546
_d2546